000
00305nam a2200145Ia 4500
100
_a
Groover/ M.P.
942
_c
BK
654
_a
Robotics
245
_a
Industrial Robotics
260
_b
McGraw - Hill
_a
Bombay
_c
1986
082
_a
629.892
_b
GRO/WEI
300
_a
546
546
_a
ENGLISH
999
_c
24675
_d
24675